Political economy of poverty : A micro level study

Bibliographic Details
Main Author: Kumar, Manoj
Other Authors: Sinha, Ajit Kumar
Format: Book
Published: New Delhi : Deep & Deep Publications , 2006
Subjects:

MARC

LEADER 00000cam a2200000 7i4500
001 0000018324
005 20080609.0
008 080604
020 |a 8176299235 
090 0 0 |a 339.46   |b KUM 
100 1 |a Kumar, Manoj 
245 1 4 |a Political economy of poverty :   |b A micro level study   |c Manoj Kumar 
260 |a New Delhi :   |b Deep & Deep Publications ,   |c 2006 
650 0 |a Economic conditions 
650 0 |a Poverty 
700 1 |a Sinha, Ajit Kumar 
999 |a 0001019862   |b Book   |c Adult Collection   |e Cawangan Segamat 
999 |a 0001019863   |b Book   |c Adult Collection   |e Cawangan Segamat